[Event "ECU-ch Schools U15 Girls Clas1"]
[Site "Chess.com INT"]
[Date "2020.11.05"]
[Round "6"]
[White "Aguilar Calle, Maria Belen"]
[Black "Mendoza Abad, Lissette Nicole"]
[Result "0-1"]
[WhiteElo "201"]
[BlackElo "184"]
[PlyCount "44"]
[EventDate "2020.11.05"]
[EventType "swiss"]
[EventRounds "9"]
[EventCountry "ECU"]
[SourceTitle "EXT 2022"]
[Source "ChessBase"]
[SourceDate "2021.10.06"]
[SourceVersion "1"]
[SourceVersionDate "2021.10.06"]
[SourceQuality "1"]

1. d4 d5 2. Nf3 Nc6 3. Nc3 Nf6 4. e3 Bg4 5. Be2 e6 6. h3 Bh5 7. g4 Bg6 8. h4 Bb4 9. h5 Be4 10. Rh3 h6 11. Bd2 Nxg4 12. a3 Bxc3 13. Bxc3 Nf6 14. Ne5 Bf5 15. Rf3 Be4 16. Bd3 Bxf3 17. Qxf3 Qd6 18. 0-0-0 0-0-0 19. e4 dxe4 20. Bxe4 Nxe4 21. Qxe4 Nxe5 22. f4 Nc6 0-1

[Event "ECU-ch Schools U15 Girls Clas1"]
[Site "Chess.com INT"]
[Date "2020.11.05"]
[Round "3"]
[White "Aguilar Calle, Maria Belen"]
[Black "Nagua Valladares, Sonia Maileth"]
[Result "0-1"]
[WhiteElo "201"]
[BlackElo "178"]
[PlyCount "48"]
[EventDate "2020.11.05"]
[EventType "swiss"]
[EventRounds "9"]
[EventCountry "ECU"]
[SourceTitle "EXT 2022"]
[Source "ChessBase"]
[SourceDate "2021.10.06"]
[SourceVersion "1"]
[SourceVersionDate "2021.10.06"]
[SourceQuality "1"]

1. d4 d5 2. Nf3 e6 3. Nc3 Nf6 4. e3 Nbd7 5. Bd3 Be7 6. Bd2 0-0 7. Qe2 c5 8. dxc5 Bxc5 9. e4 dxe4 10. Nxe4 Nxe4 11. Bxe4 Nf6 12. Bd3 Re8 13. Ne5 b6 14. Qf3 Rb8 15. 0-0 Bb7 16. Qh3 Bd4 17. Bxh7+ Nxh7 18. Qh5 Bxe5 19. Qxe5 Qxd2 20. Rad1 Qg5 21. Qxg5 Nxg5 22. Rd2 Ne4 23. Re2 Nf6 24. g3 Ba6 0-1